Statistics for UK Police OIfficer Ranks

Click here to take the quiz!

General Stats

  • This quiz has been taken 598 times
  • The average score is 6 of 11

Answer Stats

HintAnswer% Correct
Constable
88%
Sergeant
84%
Inspector
80%
Chief Inspector
69%
Chief Constable
55%
Superintendant
50%
Chief Superintendant
42%
Assistant Chief Constable
37%
Deputy Chief Constable
37%
Commander
34%
Commisioner
24%

Score Distribution

Percentile by Number Answered

Percent of People with Each Score

Your Score History

You have not taken this quiz